000 00605nam a2200169 i 4500
001 95088
003 ES-MaACL
007 t|
008 050523s1972 it ||||1| ita d
100 1 _aLunacharskiï, Anatoliï Vasil'evich.
_974779
245 1 3 _aLa rivoluzione proletaria e la cultura borghese /
_cAnatolïi Vasil'evich Lunacharskïi; [tradotto del russo de Vittorio Nadai e Antonella D'Amelia].
260 _aMilano :
_bGabriele Mazzotta,
_c1972.
300 _a327 p. ;
_c20 cm.
700 1 _aNadai, Victtorio.
_984789
700 1 _aD'Amelia, Antonella.
_942343
852 _aES-MaACL
_jE-6578
_bR.90951
999 _c95088
_d95088